000
00214nam a22000977a 4500
999
_c
16010
_d
16010
003
OSt
008
191026b ||||| |||| 00| 0 eng d
100
_a
Kesavan,Nair.
_9
4472
245
_a
Guruvum Shishyanum
942
_c
BK